000 00666nam a2200229Ia 4500
001 10690
003 GE_BSU
008 181216s||||||||xx |||||||||||||| ||und||
040 _cGE_BSU
080 _a821.353.1-1
100 _aფოცხიშვილი,მორის
245 _aშენითა.
245 _bლექსები.
245 _cრედ.ნ.ხომერიკი; მხატვ.ი.ბერიშვილი
260 _aთბილისი.
260 _bმერანი.
260 _c1983.
300 _a151გვ;17სმ.
300 _eპორტრ;ილ.
653 _aშენითა.
942 _cBK
999 _c43941
_d43941